| 000 | 00349nam a2200133Ia 4500 | ||
|---|---|---|---|
| 100 | _aVollamann/ Berry/Michael J.A | ||
| 942 | _cBK | ||
| 654 | _aPlanning | ||
| 245 | _aManufacturing Planning and Control for Supply Chain Management | ||
| 260 |
_bTata McGraw-Hill _aNew Delhi _c2005 |
||
| 082 |
_a658.5 _bVOL/BER |
||
| 300 | _a712 | ||
| 546 | _aENGLISH | ||
| 999 |
_c22938 _d22938 |
||